| 000 | 00941nam a2200205 i 4500 | ||
|---|---|---|---|
| 001 | 53151 | ||
| 003 | ES-MaACL | ||
| 005 | 20230906162721.0 | ||
| 007 | t| | ||
| 008 | 941129s1845 sp |||| | spa d | ||
| 100 | 1 |
_aDu Hamel, Victor Auguste _ccomte. _9149566 |
|
| 245 | 1 | 0 |
_aHistoria constitucional de la Monarquía española _b: desde la invasión de los bárbaros hasta la muerte de Fernando VII : 411-1833 / _cpor el conde Victor Du-Hamel ; traducida, anotada y adicionada hasta la mayoría de la Reina Doña Isabel II por D. Baltasar Anduaga y Espinosa. |
| 260 |
_aMadrid : _b[s.n.], _c1845 ( _fImp. de Manuel G. Uzal) |
||
| 300 |
_a2 t. en 1 v. ; _c19 cm. |
||
| 650 | 4 |
_aMonarquía- _zEspaña- _vHistoria. _915145 |
|
| 651 | 4 |
_aEspaña- _xHistoria. _98209 |
|
| 700 | 1 |
_aAnduaga y Espinosa, Baltasar. _921682 |
|
| 852 |
_aES-MaACL _jD-4995 |
||
| 856 |
_uhttp://www.archive.org/details/historiaconstit00hamegoog _zIr a la página _z(v. 1) |
||
| 999 |
_c53151 _d53151 |
||